Estadísticas para Países más cercanos a India - un minuto de sprint

Haz click aquí para intentar la prueba.

Estadísticas generales

  • Esta prueba ha sido intentada 70 veces
  • La puntuación promedio es 15 de 20

Estadísticas de respuestas

kmpaís% Correcto
0China
97%
0Pakistán
95%
0Nepal
93%
0Bangladés
90%
0Bután
89%
717Laos
89%
1Sri Lanka
89%
211Afganistán
87%
0Myanmar
85%
486Tailandia
80%
721Vietnam
75%
130Maldivas
66%
277Tayikistán
64%
613Irán
62%
808Kazajistán
62%
525Kirguistán
62%
733Turkmenistán
57%
617Uzbekistán
57%
172Indonesia
52%
632Malasia
51%

Distribución de puntuación

Porcentaje por número respondido

Porcentaje de gente con cada puntuación

Historial de tus puntuaciones

No has intentado esta prueba.